13 cosas que los niños fuertes hacen: (Registro nro. 16244)

000 -CABECERA
campo de control de longitud fija 01290nam a22002417a 4500
003 - IDENTIFICADOR DEL NÚMERO DE CONTROL
campo de control OSt
005 - FECHA Y HORA DE LA ÚLTIMA TRANSACCIÓN
campo de control 20260413222634.0
008 - DATOS DE LONGITUD FIJA--INFORMACIÓN GENERAL
campo de control de longitud fija 260413b ||||| |||| 00| 0 spa d
020 ## - NÚMERO INTERNACIONAL ESTÁNDAR DEL LIBRO
Número Internacional Estándar del Libro 9786287794214
040 ## - FUENTE DE LA CATALOGACIÓN
Centro/agencia transcriptor CO-Mq BPB
041 ## - CÓDIGO DE LENGUA
Código de lengua del texto/banda sonora o título independiente spa
082 ## - NÚMERO DE LA CLASIFICACIÓN DECIMAL DEWEY
Número de clasificación 155.4
Número de documento/Ítem M67c
100 ## - ENTRADA PRINCIPAL--NOMBRE DE PERSONA
Nombre de persona Morin, Amy
Término indicativo de función/relación autor
245 ## - MENCIÓN DE TÍTULO
Título 13 cosas que los niños fuertes hacen:
Resto del título Piensa en grande, siéntete bien y actúa con valentía
264 ## - PRODUCCIÓN, PUBLICACIÓN, DISTRIBUCIÓN, FABRICACIÓN Y COPYRIGHT
Producción, publicación, distribución, fabricación y copyright Bogotá;
Nombre del de productor, editor, distribuidor, fabricante Penguin Random House,
Fecha de producción, publicación, distribución, fabricación o copyright 2025
300 ## - DESCRIPCIÓN FÍSICA
Extensión 315 páginas;
Otras características físicas Tapa rustica, ilustraciones a blanco y negro,
Dimensiones 23 cm
521 ## - NOTA DE PÚBLICO DESTINATARIO
Nota de público destinatario 13 cosas que los niños fuertes hacen es un libro de desarrollo personal dirigido a niños y preadolescentes, que busca fortalecer su mente y ayudarlos a enfrentar los retos de la vida diaria. A través de ejemplos cercanos y consejos prácticos, la autora enseña habilidades emocionales clave para construir confianza, resiliencia y seguridad en sí mismos.<br/><br/>La obra está diseñada para guiar a los niños en el manejo de sus emociones, el desarrollo de hábitos positivos y la construcción de una mentalidad fuerte en un mundo lleno de presiones sociales.
650 ## - PUNTO DE ACCESO ADICIONAL DE MATERIA--TÉRMINO DE MATERIA
Término de materia o nombre geográfico como elemento de entrada Fortaleza mental
650 ## - PUNTO DE ACCESO ADICIONAL DE MATERIA--TÉRMINO DE MATERIA
Término de materia o nombre geográfico como elemento de entrada Manejo de emociones
650 ## - PUNTO DE ACCESO ADICIONAL DE MATERIA--TÉRMINO DE MATERIA
Término de materia o nombre geográfico como elemento de entrada Presión social y redes
650 ## - PUNTO DE ACCESO ADICIONAL DE MATERIA--TÉRMINO DE MATERIA
Término de materia o nombre geográfico como elemento de entrada Relaciones sociales
942 ## - ELEMENTOS DE PUNTO DE ACCESO ADICIONAL (KOHA)
Fuente del sistema de clasificación o colocación
Tipo de ítem Koha Libro
Existencias
Estado de retiro Estado de pérdida Fuente del sistema de clasificación o colocación Estado dañado Restricciones de uso No para préstamo Código de colección Localización permanente Ubicación/localización actual Ubicación en estantería Fecha de adquisición Fuente de adquisición Número de inventario Total de préstamos Signatura topográfica completa Código de barras Fecha visto por última vez Número de copia Precio válido a partir de Tipo de ítem Koha Nota pública
        Procesos Técnicos   Colección General Biblioteca Pública San Juan Bosco Biblioteca Pública San Juan Bosco Colección General 13/04/2026 Compra 2025 NT   155.4 M67c MOS504866 13/04/2026 Ej.1 13/04/2026 Libro Ocho días

© Todos los derechos reservados para la Biblioteca Pública Municipal San Juan Bosco, 2020
Secretaria de Cultura de Mosquera
Carrera 3 N° 10 Esquina Centro Cultural Barrio El Carmén Teléfono: 8270830 Ext: 34
Funcionando con KOHA
Contacto: Biblioteca Pública Municipal San Juan Bosco/ bibliotecasanjuanbosco@mosquera-cundinamarca.gov.co
Mosquera, Cundinamarca